000 00443nam a2200145 a 4500
001 000045060
005 20201002045838.0
008 150130s1996 pn a 000 0 spa d
040 _aDO-SdBNP
_bspa
_cBNPHU
090 _axxxx
_bxxxx
245 0 0 _aCiudad del saber :
_buna utopía posible /
_cpresentación ; Federico Mayor.
260 _aPanamá :
_bUNESCO,
_c1996.
300 _a109 p. :
_bil. ;
_c23 cm.
700 1 2 _aMayor, Federico
_eprest.
_935869
999 _c44549
_d44549